LEADER 00500nab a2200145 i 4500 001 000000309336 003 CaOOAMICUS 005 20180831172952.0 008 180831n xx uu u0 0und r 013 $a18429 040 $aSeMil$bita 100 1 $aMerighi, Pietro.$0(OLS)http://semarc/name/74336 245 13$aLa Provvidenza Divina e le tribolazioni della chiesa. 773 0 $t[Luglio-Dicembre].$g289-298$w()273828 996 $6245$aLa Provvidenza Divina e le tribolazioni della chiesa$9(OLS)http://semarc/title/384406 LEADER 00596nab a2200145 i 4500 001 000000311166 003 CaOOAMICUS 005 20180831173027.0 008 180831n xx uu u0 0und r 013 $a20255 040 $aSeMil$bita 100 1 $aDe Mojana, Alberto <1835-1919>.$0(OLS)http://semarc/name/41896 245 13$aLa Chiesa, la Rivoluzione e gli Stati moderni. Ossia dal Trattato di Westfalia fino a noi. 773 0 $t[Gennaio-Giugno].$g273-283,440-454$w()274029 996 $6245$aLa Chiesa, la Rivoluzione e gli Stati moderni. Ossia dal Trattato di Westfalia fino a noi$9(OLS)http://semarc/title/385814